L'énergie nucléaire et l'opinion publique (Record no. 59681)

MARC details
000 -LEADER
campo de control de longitud fija 00683nam a2200181 i 4500
001 - NÚMERO DE CONTROL
campo de control 59681
003 - IDENTIFICADOR DE NÚMERO DE CONTROL
campo de control ES-MaACL
005 - FECHA Y HORA DE LA ÚLTIMA TRANSACCIÓN
campo de control 20230906164059.0
007 - CAMPO FIJO DE DESCRIPCIÓN FÍSICA--INFORMACIÓN GENERAL
campo de control de longitud fija t|
008 - DATOS DE LONGITUD FIJA--INFORMACIÓN GENERAL
campo de control de longitud fija 031030s1984 fr ||||1| fre d
020 ## - NÚMERO INTERNACIONAL ESTÁNDAR DEL LIBRO
Número Internacional Estándar del Libro 92-64-22608-7
245 02 - MENCIÓN DEL TÍTULO
Título L'énergie nucléaire et l'opinion publique
Resto del título : un rapport du Secrétariat de l'AEN.
260 ## - PUBLICACIÓN, DISTRIBUCIÓN, ETC.
Lugar de publicación, distribución, etc. Paris :
Nombre del editor, distribuidor, etc. Agence pour l'Energie Nucleaire, Organisation de Coopération et de Développement Economiques,
Fecha de publicación, distribución, etc. 1984.
300 ## - DESCRIPCIÓN FÍSICA
Extensión 121 p. ;
Dimensiones 23 cm.
650 #4 - PUNTO DE ACCESO ADICIONAL DE MATERIA--TÉRMINO DE MATERIA
Término de materia o nombre geográfico como elemento de entrada Energía nuclear.
9 (RLIN) 12254
710 2# - ENTRADA AGREGADA--NOMBRE DE ENTIDAD CORPORATIVA
Nombre de entidad corporativa o nombre de jurisdicción como elemento de entrada Organización de Cooperación y Desarrollo Económico.
Unidad subordinada Agencia de la Energía Nuclear.
9 (RLIN) 6055
852 ## - LOCALIZACIÓN
Ubicación ES-MaACL
Número de control de estantería L-10265
Sublocalización o colección R.112189
Holdings
Estatus retirado Estado de pérdida Estado de daño No para préstamo Biblioteca de origen Biblioteca actual Ubicación en estantería Fecha de adquisición Fuente de adquisición Total de préstamos Signatura topográfica completa Código de barras Visto por última vez Precio de reemplazo Tipo de ítem Koha
        Biblioteca del Ateneo de Madrid Biblioteca del Ateneo de Madrid Depósito 2 17/01/2008     L-10265 1062597 23/02/2023 23/02/2023 Libro impreso